|
|
|
|
| LEADER |
00000nas a2200000 4500 |
| 001 |
ssj0000578993 |
| 003 |
WaSeSS |
| 005 |
20200512172242.0 |
| 006 |
m d |
| 007 |
cr n |
| 008 |
800903c19809999wiuar p s 0 a0eng c |
| 010 |
|
|
|a 80648270
|
| 016 |
7 |
|
|a 009858895
|2 Uk
|
| 022 |
|
|
|l 0272-7919
|y 0272-7919
|
| 035 |
|
|
|a (WaSeSS)ssj0000578993
|
| 037 |
|
|
|b International Journal of Turkish Studies, Humanities Building, University of Wisconsin, Madison, Wis. 53706
|
| 040 |
|
|
|a CLU
|b eng
|c CLU
|d COO
|d DLC
|d NSD
|d DLC
|d NSD
|d DLC
|d NST
|d SYS
|d NLGGC
|d OCLCQ
|d UKMGB
|d ORZ
|d FUG
|d OCLCF
|d IUL
|d HLS
|d XFH
|d GILDS
|d OCLCA
|d OCLCQ
|d L2U
|d OCLCO
|d WaSeSS
|
| 042 |
|
|
|a pcc
|a nsdp
|
| 043 |
|
|
|a a-tu---
|
| 050 |
0 |
0 |
|a DR401
|b .I58
|
| 082 |
0 |
4 |
|a 909/.0975943
|
| 210 |
0 |
|
|a Int. j. Turk. stud.
|
| 222 |
|
0 |
|a International journal of Turkish studies
|
| 245 |
0 |
0 |
|a International journal of Turkish studies
|h [electronic resource].
|
| 260 |
|
|
|a [Madison],
|b [University of Wisconsin]
|
| 310 |
|
|
|a Annual
|
| 362 |
0 |
|
|a v. 1- winter 1979/80-
|
| 506 |
|
|
|a License restrictions may limit access.
|
| 515 |
|
|
|a Published annually in the fall with 2 issues combined into 1 volume.
|
| 588 |
|
|
|a Latest issue consulted: Vol. 21 nos. 1/2, published in 2015.
|
| 650 |
|
7 |
|a 18.84 Turkish language and/or literature.
|0 (NL-LeOCL)077612418
|2 bcl
|
| 650 |
1 |
7 |
|a Turks.
|2 gtt
|
| 651 |
|
0 |
|a Turkey
|v Periodicals.
|
| 651 |
|
7 |
|a Turkey.
|2 fast
|0 (OCoLC)fst01208963
|
| 655 |
|
0 |
|a Electronic journals.
|
| 710 |
2 |
|
|a University of Wisconsin--Madison.
|
| 850 |
|
|
|a CLU
|a CU
|a CaBVaS
|a CoU
|a CtY
|a DLC
|a FU
|a IU
|a KyU
|a MH
|a MiEM
|a MiU
|a NIC
|a NNC
|a NcGU
|a NcU
|a NjP
|a OU
|a PU
|a UU
|a WaU
|
| 853 |
2 |
0 |
|8 1
|a v.
|b no.
|i (year)
|j (season)
|
| 856 |
4 |
0 |
|z Full text available from Research Library: 01/01/2011 to 01/31/2017
|u https://search.proquest.com/publication/1746339
|
| 863 |
4 |
1 |
|8 1.1
|a 1
|i 1979/1980
|j 23
|